000 01528nam a2200445 c 4500
700 1 _938044
_aAlba, Martín Federico
999 _c49115
_d49115
001 49115
003 ES-MaCES
005 20170417122838.0
008 170404s2016 sp 000 ||spa d
017 _aM 42121-2016
_bDL
020 _a9788491232018
040 _aES-MaCES
_bspa
_cES-MaCES
245 0 0 _aEstudios jurídicos sobre el régimen jurídico de la cadena de distribución agroalimentaria
_cFrancisco González Castilla, Juan Ignacio Ruiz Peris (dirs.) ; [autores], Martin Alba ... [et al.]
260 _aMadrid [etc.]
_bMarcial Pons
_c2016
300 _a312 p.
_bgráf. bl. y n.
_c24 cm
490 1 _aDerecho
504 _aBibliografía
541 _cCompra
650 4 _asector agrícola
_927488
650 4 _aproducto agrícola
_927551
650 4 _aagroindustria
_929715
650 4 _aindustria de la alimentación
_927663
650 4 _adistribución
_926778
650 4 _acompetencia
_927897
650 4 _amecanismo de control
_929918
650 4 _aderecho mercantil
_927157
650 4 _aderecho comunitario
_929866
650 4 _aderecho internacional
_926684
650 4 _acódigo de conducta
_929864
650 4 _aUE
_926752
650 4 _aEspaña
_926964
650 4 _arégimen jurídico
_929894
653 1 0 _aAgricultura-Ganadería
700 1 _aGonzález Castilla, Francisco
_937979
_edir.
700 1 _aRuiz Peris, Juan Ignacio
_922890
_edir.
830 0 _aMarcial Pons derecho
_933650
902 _aLIB Libro
942 _2CES
_cBK
_h5.0.